Výskum, výroba a použitie oceľových lán, dopravníkov a ťažných zariadení zborník abstraktov : 19. medzinárodná konferencia VVaPOL 2016 : [20.-23. september 2016, Grand hotel Permon, Vysoké Tatry-Podbanské
| Corporate Author: | |
|---|---|
| Other Authors: | , |
| Format: | Conference Proceeding Book |
| Language: | Slovak Czech English Polish |
| PhysicalDescription: | 50 s. 20 cm |
| Published: |
V Košiciach
Technická univerzita, Fakulta BERG
2016
|
| ISBN: | 9788055326085 |
| Edition: | 1. vyd. |
| Subjects: |
MARC
| LEADER | 00000nam a2200000 a 4500 | ||
|---|---|---|---|
| 001 | vtls011598806 | ||
| 003 | SK-MaSNL | ||
| 005 | 20260301140107.0 | ||
| 008 | 220509s2016 xo f a 100 0 slo | ||
| 015 | |a SNBA2017/01 | ||
| 020 | |a 9788055326085 |q (brož.) | ||
| 035 | |a urn:nbn:sk:snk-am00gj7l | ||
| 035 | |a urn:nbn:sk:snk-am3j4wo | ||
| 035 | |a A701C976-DAA1-4194-9071-A06E4103DD51 | ||
| 040 | |a SNK |b slo |c SNK |e AACR2 | ||
| 041 | 0 | |a slo |a cze |a eng |a pol | |
| 044 | |a xo |c SK | ||
| 072 | 7 | |a 621 |x Strojárstvo |2 konspekt | |
| 072 | 7 | |a 62 |x Technika všeobecne |2 konspekt | |
| 080 | |a 621.867.1/.9 |2 2011 | ||
| 080 | |a 621.867.2 |2 2011 | ||
| 080 | |a 621.867/.868 |2 2011 | ||
| 080 | |a 62-027.45 |2 2011 | ||
| 080 | |a 005.51 |2 2011 | ||
| 080 | |a (062.534) |2 2011 | ||
| 080 | |a (048.3) |2 2011 | ||
| 111 | 2 | |a Výskum, výroba a použitie oceľových lán, dopravníkov a ťažných zariadení |n (19. : |d 2016 : |c Podbanské, Slovensko) |9 346001 | |
| 245 | 1 | 0 | |a Výskum, výroba a použitie oceľových lán, dopravníkov a ťažných zariadení |b zborník abstraktov : 19. medzinárodná konferencia VVaPOL 2016 : [20.-23. september 2016, Grand hotel Permon, Vysoké Tatry-Podbanské |c editori: Nikoleta Mikušová, Eva Tomková] |
| 246 | 1 | 1 | |a Research, Production and Use of Steel Ropes, Conveyors and Hoisting Machines |
| 246 | 3 | 0 | |a 19. medzinárodná konferencia VVaPOL 2016 |
| 250 | |a 1. vyd. | ||
| 260 | |a V Košiciach |b Technická univerzita, Fakulta BERG |c 2016 | ||
| 300 | |a 50 s. |c 20 cm | ||
| 366 | |e 80 výtlačkov | ||
| 504 | |a Poznámky | ||
| 546 | |a Čiastočný text v angličtine, češtine a poľštine | ||
| 650 | 0 | 7 | |a oceľové laná |2 SNKPH |9 292612 |
| 650 | 0 | 7 | |a dopravníky |2 SNKPH |9 18934 |
| 650 | 0 | 7 | |a pásové dopravníky |2 SNKPH |9 50979 |
| 650 | 0 | 7 | |a dopravné zariadenia |2 SNKPH |9 69364 |
| 650 | 0 | 7 | |a spoľahlivosť (technika) |2 SNKPH |9 3549 |
| 650 | 0 | 7 | |a logistika (manažment) |2 SNKPH |9 3620 |
| 650 | 0 | 7 | |a Conveyors |2 SNKPHeng |9 322498 |
| 650 | 0 | 7 | |a Belt conveyors |2 SNKPHeng |9 312516 |
| 650 | 0 | 7 | |a Conveying means |2 SNKPHeng |9 326875 |
| 650 | 0 | 7 | |a Reliability (engineering) |2 SNKPHeng |9 314108 |
| 650 | 0 | 7 | |a Business logistics |2 SNKPHeng |9 274299 |
| 655 | 7 | |a zborníky konferencií |2 SNKPH |9 70153 | |
| 655 | 7 | |a Proceedings of conferences |2 SNKPHeng |9 265791 | |
| 655 | 7 | |a abstrakty |2 SNKPH |9 22516 | |
| 655 | 7 | |a Abstracts |2 SNKPHeng |9 275616 | |
| 700 | 1 | |a Mikušová, Nikoleta, |d 1982- |4 edt |9 223447 | |
| 700 | 1 | |a Tomková, Eva |4 edt |9 346005 | |
| 752 | |a Slovensko |d Košice | ||
| 919 | |a 978-80-553-2608-5 | ||
| 999 | |c 762437 |d 764367 | ||
| 952 | |a SNK |b SNK |y PREZ |7 0 |p 17A1250370 |o snkSC 172370 |i snk2016/28529 |8 0 |0 0 |1 0 |4 0 |d 2016-12-09 |f 1 |l 0 |r 2025-09-10 00:00:00 |w 2026-02-24 | ||
| 952 | |a SNK |b SNK |y VYP |7 0 |p 17A1250371 |o snkSC 172370 D1 |i snk2016/28530 |8 0 |0 0 |1 0 |4 0 |d 2016-12-09 |l 0 |r 2026-02-24 00:08:53 |w 2026-02-24 | ||


